Sobredosis

Spremljeno u:
Bibliografski detalji
Glavni autor: Fuguet, Alberto (Autor)
Format: Knjiga
Jezik:španjolski
Izdano: Santiago Aguilar Chilena 2003
Izdanje:2a. ed
Teme:
Oznake: Dodaj oznaku
Bez oznaka, Budi prvi tko označuje ovaj zapis!

MARC

LEADER 00000nam a2200000 a 4500
001 UCH6117
003 CL-VaPUC
008 091109e20030000CL |||||||||||||||||spa|d
082 0 4 |a Ch863  |b FUG  |2 21 
100 0 |a Fuguet, Alberto  |e author  |9 542507 
245 1 0 |a Sobredosis 
250 |a 2a. ed 
300 |a 120 p 
942 |c BK 
945 |d 20091109 00:00:00  |a lazolas 
260 |a Santiago  |b Aguilar Chilena  |c 2003 
650 0 |a Cuentos chilenos   |9 308280 
650 0 |a Literatura chilena   |9 308278 
583 |a last modification  |c 20091109 00:00:00  |k Rodrigo Vera 
999 |c 337076  |d 337074